000 00686nam a2200265Ia 4500
005 20260121170003.0
008 008 260114s9999 xx 000 0 eng d
020 _a9783319313832
037 _aEBOOK
040 _aCRL
040 _beng
040 _cCRL
041 _2eng
041 _aeng
084 _qCRL
100 _aTanja Eisner, Birgit Jacob, André Ran, Hans Zwart
_91058431
245 0 _aOperator Theory, Function Spaces, and Applications
260 _bSpringer
260 _bSpringer
260 _c2016
856 _uhttps://link.springer.com/openurl?genre=book&isbn=978-3-319-31383-2
942 _cEBOOK
999 _c1624160
_d1624160